Archeological survey of the ROC ST 5-5 well pad and access road, Brazoria County, Texas /

Bibliographic Details
Main Author: Mangum, Douglas G.
Corporate Authors: Texas Antiquities Committee, Moore Archeological Consulting, Carr Environmental Group, Inc
Other Authors: Driver, W. David
Format: Government Document Book
Language:English
Published: [Houston, Tex.] : Moore Archeological Consulting, Inc., [2007]
Series:Report of investigations (Moore Archeological Consulting) ; no. 505.
Subjects:

MARC

Tag First Indicator Second Indicator Subfields
LEADER 00000cam a2200000Ia 4500
001 in00002385113
005 20151109083219.0
008 071130s2007 txuab b s000 0 eng d
035 |a (OCoLC)182624643 
035 |a (OCoLC)ocn182624643 
040 |a TXK  |c TXK  |d TWT  |d TXA  |d UtOrBLW 
043 |a n-us-tx 
049 |a TXAM 
086 |a A1900.7 P422 NO.4560  |2 txdocs 
090 |a F392.B82  |b M35 2007 
100 1 |a Mangum, Douglas G. 
245 1 0 |a Archeological survey of the ROC ST 5-5 well pad and access road, Brazoria County, Texas /  |c by Douglas G. Mangum, project archeologist & David Driver, project archeologist. 
264 1 |a [Houston, Tex.] :  |b Moore Archeological Consulting, Inc.,  |c [2007] 
300 |a iii, 20, 1 leaves :  |b illustrations, maps (some color) ;  |c 28 cm. 
336 |a text  |b txt  |2 rdacontent 
337 |a unmediated  |b n  |2 rdamedia 
338 |a volume  |b nc  |2 rdacarrier 
490 1 |a Report of investigations ;  |v no. 505 
500 |a "T[exas]A[ntiquities]C[ommittee] permit number 4560." 
500 |a "August 2007." 
500 |a "For Carr Environmental Group, Inc." 
500 |a Cover title. 
504 |a Includes bibliographical references (17-18). 
650 0 |a Archaeological surveying  |z Texas  |z Brazoria County. 
650 0 |a Excavations (Archaeology)  |z Texas  |z Brazoria County. 
651 0 |a Brazoria County (Tex.)  |x Antiquities. 
700 1 |a Driver, W. David. 
710 2 |a Texas Antiquities Committee. 
710 2 |a Moore Archeological Consulting. 
710 2 |a Carr Environmental Group, Inc. 
830 0 |a Report of investigations (Moore Archeological Consulting) ;  |v no. 505. 
948 |a cataloged  |b h  |c 20080718  |d c  |e xxie 
994 |a C0  |b TXA 
999 |a MARS 
999 f f |s bbc04008-f27d-320b-ada4-ac156798ef51  |i b1f85a79-484f-3a08-897b-0776e2f19b4d  |t 0 
952 f f |p ric  |a Texas A&M University  |b Rellis Campus  |c Joint Library Facility  |d Remote Storage  |t 0  |e F392.B82 M35 2007  |h Library of Congress classification  |i unmediated -- volume  |m A14837187814 
998 f f |a F392.B82 M35 2007  |t 0  |l Remote Storage